A estória dos dois peruzinhos (Record no. 72001)

MARC details
000 -LÍDER
campo de controle de tamanho fixo 00403 a2200169 4500
001 - NÚMERO DE CONTROLE
campo de controle 72001
020 ## - ISBN - INTERNATIONAL STANDARD BOOK NUMBER
ISBN - International Standard Book Number
040 ## - FONTE DA CATALOGAÇÃO
Instituição que transcreveu o registro Anchieta - Colégio São Paulo
100 ## - ENTRADA PRINCIPAL--NOME PESSOAL
Nome pessoal Mott, Odette de Barros
240 10 - TÍTULO UNIFORME
Título uniforme A estória dos dois peruzinhos
Idioma da obra por
245 10 - TÍTULO
Título A estória dos dois peruzinhos
300 ## - DESCRIÇÃO FÍSICA
Extensão 98
362 0# - DATAS DE PUBLICAÇÃO E/OU DESIGNAÇÃO SEQUENCIAL
Datas de publicação e/ou designação sequencial 1986
440 #1 - DECLARAÇÃO DE SÉRIE/ENTRADA ADICIONADA--TÍTULO
Título Paulinas
650 #4 - ASSUNTO--TERMO TÓPICO
Cabeçalho tópico ou nome geográfico Literatura infanto-juvenil
942 ## - ELEMENTOS DE ENTRADA ADICIONADOS (KOHA)
Tipo de material Koha Livros
Holdings
Situação do descarte Situação das perdas Situação física Não pode ser emprestado Biblioteca de origem Biblioteca atual Data de aquisição Total de empréstimos Número de chamada completo Código de barras Data de último acesso Data do preço efetivo Tipo de material Koha Fonte da classificação ou esquema de arquivamento na estante Número do exemplar
        Colégio São Paulo Colégio São Paulo 22/11/2023   028.5 M921 1350/CSP 22/11/2023 22/11/2023 Livros    
        Portinari - Salvador Portinari - Salvador 12/08/2024   028.5 M921e 1676/CCP 12/08/2024 12/08/2024 Livros   Ex. 1